000 00486nam a2200169Ia 4500
005 20250508153731.0
008 008 250505s9999 xx 000 0 eng d
037 _aBooks to be hide in OPAC
040 _aFEDL
_beng
_cFEDL
041 _aeng
_2eng
084 _a371.620942, GRE/O
_qFEDL
245 0 _aTechnical college buildings : Their planning and equipment
260 _c1935
300 _a143p.
942 _cHB
_h371.620942, GRE/O
999 _c1345080
_d1345080